00478nam a2200121Ia 45000010005000000080041000050820025000461000098000712450099001692600045002689010028003139990015003413504241024s9999 xx 000 0 und d aRD/334.07/C778m/2012 aRepública Dominicana.Cooperativa Nacional de Servicios Múltiples de los Maestros COOPNAMA 0aAsamblea general 62. Ordinaria de delegados, informe anual 2012 diciembre 6 y 7 diciembre 2013 bJuan Dolio, República Dominicanac2012 a28/11/2013 3:23:58 p.m. c9676d9676